[Event "La Paz Adalp Cup"]
[Site "La Paz"]
[Date "2017.03.08"]
[Round "7"]
[White "Rocha, Ignacio"]
[Black "Salas, Javier"]
[Result "0-1"]
[WhiteElo "1743"]
[BlackElo "1949"]
[PlyCount "64"]
[EventDate "2017.02.20"]
[EventType "tourn"]
[EventRounds "11"]
[EventCountry "BOL"]
[SourceTitle "CBM 177 Extra"]
[Source "ChessBase"]
[SourceDate "2017.04.27"]
[SourceVersion "1"]
[SourceVersionDate "2017.04.27"]
[SourceQuality "1"]

1. e4 c5 2. Nf3 e6 3. d4 cxd4 4. Nxd4 a6 5. c4 Nf6 6. Bd3 Qc7 7. Qe2 d6 8. 0-0 Nc6 9. Nxc6 bxc6 10. Nc3 e5 11. f4 Be7 12. Kh1 Ng4 13. h3 Nf6 14. c5 dxc5 15. fxe5 Qxe5 16. Bf4 Qh5 17. e5 Qxe2 18. Bxe2 Nd5 19. Bf3 Be6 20. Na4 0-0 21. Bh2 Rab8 22. Rac1 Rb5 23. b3 Nb4 24. Nc3 Ra5 25. Bg1 c4 26. Bb6 Rxe5 27. bxc4 Bxc4 28. Rfd1 c5 29. Rd7 Nxa2 30. Nxa2 Bxa2 31. Rxe7 Rxe7 32. Bxc5 Rc7 0-1

[Event "La Paz Adalp Cup"]
[Site "La Paz"]
[Date "2017.02.20"]
[Round "1"]
[White "Salas, Javier"]
[Black "Mamani, Anahi"]
[Result "1/2-1/2"]
[WhiteElo "1949"]
[BlackElo "1671"]
[PlyCount "60"]
[EventDate "2017.02.20"]
[EventType "tourn"]
[EventRounds "11"]
[EventCountry "BOL"]
[SourceTitle "CBM 177 Extra"]
[Source "ChessBase"]
[SourceDate "2017.04.27"]
[SourceVersion "1"]
[SourceVersionDate "2017.04.27"]
[SourceQuality "1"]

1. e4 c5 2. Nc3 e6 3. Bc4 g6 4. f4 Bg7 5. Nf3 Ne7 6. e5 d5 7. exd6 Qxd6 8. d4 cxd4 9. Nb5 Qc5 10. b4 Qb6 11. Bb2 a6 12. Bxd4 Bxd4 13. Qxd4 Qxd4 14. Nbxd4 b5 15. Bb3 Nbc6 16. a3 Bb7 17. 0-0 Rc8 18. Nxc6 Bxc6 19. Ne5 Bd5 20. a4 Bxb3 21. cxb3 0-0 22. axb5 axb5 23. Ra5 Nd5 24. Rxb5 Rb8 25. Rxb8 Rxb8 26. Nd3 Nxb4 27. Nxb4 Rxb4 28. Rf3 h5 29. g3 Kf8 30. Kf2 Ke7 1/2-1/2

[Event "BOL-ch"]
[Site "La Paz"]
[Date "2016.02.11"]
[Round "2"]
[White "Sustach, Marcos Antonio"]
[Black "Salas, Javier"]
[Result "1-0"]
[WhiteElo "2214"]
[BlackElo "1933"]
[PlyCount "64"]
[EventDate "2016.02.11"]
[EventType "swiss"]
[EventRounds "7"]
[EventCountry "BOL"]
[SourceTitle "CBM 171 Extra"]
[Source "ChessBase"]
[SourceDate "2016.04.26"]
[SourceVersion "1"]
[SourceVersionDate "2016.04.26"]
[SourceQuality "1"]

1. e4 c5 2. Nc3 e6 3. f4 Nc6 4. Nf3 d5 5. Bb5 Nge7 6. Qe2 d4 7. Nb1 Qc7 8. 0-0 Bd7 9. d3 f6 10. a4 0-0-0 11. Na3 a6 12. Bxc6 Nxc6 13. Nc4 Na5 14. Nxa5 Qxa5 15. Nd2 Qc7 16. Nc4 b6 17. c3 Bc6 18. cxd4 cxd4 19. Bd2 Kb7 20. b4 f5 21. Rfc1 Rc8 22. b5 axb5 23. axb5 Bxb5 24. Na5+ bxa5 25. Rxc7+ Rxc7 26. Bxa5 Rc5 27. exf5 exf5 28. Qe6 Bxd3 29. Bb4 Rc6 30. Qd7+ Kb6 31. Bxf8 Rxf8 32. Qxd4+ Rc5 1-0

[Event "La Paz op 2nd"]
[Site "La Paz"]
[Date "2014.11.14"]
[Round "4"]
[White "Quispe Santacruz, Javier"]
[Black "Salas, Javier"]
[Result "1-0"]
[WhiteElo "2037"]
[BlackElo "1976"]
[PlyCount "71"]
[EventDate "2014.11.13"]
[EventType "swiss"]
[EventRounds "7"]
[EventCountry "BOL"]
[SourceTitle "CBM 163 Extra"]
[Source "ChessBase"]
[SourceDate "2014.12.23"]
[SourceVersion "1"]
[SourceVersionDate "2014.12.23"]
[SourceQuality "1"]

1. g3 d5 2. Bg2 Nf6 3. d3 c5 4. Nd2 Nc6 5. c4 e5 6. a3 Be6 7. Rb1 Be7 8. b3 0-0 9. Ngf3 h6 10. 0-0 Qd7 11. cxd5 Nxd5 12. Bb2 f6 13. Re1 Rad8 14. Nh4 Bf7 15. Be4 Nd4 16. Ng6 Rfe8 17. Nxe7+ Rxe7 18. Bg2 Bh5 19. b4 cxb4 20. axb4 Kh8 21. h3 Nb5 22. Qb3 Bf7 23. Nc4 Nbc7 24. Qa3 Nb5 25. Qb3 Qe6 26. Rec1 Nb6 27. Qa2 a6 28. Qa5 Nxc4 29. dxc4 Nc7 30. Bxb7 Rd2 31. b5 Red7 32. Bc3 R2d6 33. b6 Nb5 34. cxb5 Rxb6 35. bxa6 Rxb1 36. Rxb1 1-0